00871cam a2200229 a 450000100100000000500170001000800410002704000250006808200180009310000370011124501320014826000390028030000190031950000380033850400660037650500370044265100420047965100420052165100240056370000260058770000280061300000167220200929145645.0701012s1968 nyu b 001 0 eng  aDO-SdBNPbspacBNPHU a973.08bS236a1 aDe Santis, Vincent P.d1877-192010aAmerica past and present :ban interpretation with readings /cVincent P. De Santis, J. Joseph Huthmacher, Benjamin W. Labaree. aBoston :bAllyn and Bacon.,c1968. a2 v. ;c21 cm. aLa biblioteca posee el volumen 2. aIncluye referencias bibliográficas al pie de las páginas.0 av. 1. To 1877.--v. 2. desde 1865 4aEstados UnidosxHistoriaxColecciones 4aEstados UnidosxPolítica Y Gobierno 4aAméricaxHistoria1 aHuthmacher, J. Joseph1 aLabaree, Benjamin Woods